000
00222 a2200097 4500
000
nam a22 7a 4500
005
20260302123732.0
100
_a
Robbins, Mel
_9
1114845
245
_a
The Let Them Theory
942
_c
TEXL
999
_c
1688383
_d
1688383